La patria de Colón / (Record no. 39063)

MARC details
000 -LEADER
campo de control de longitud fija 00544nam a2200181 i 4500
001 - NÚMERO DE CONTROL
campo de control 39063
003 - IDENTIFICADOR DE NÚMERO DE CONTROL
campo de control ES-MaACL
005 - FECHA Y HORA DE LA ÚLTIMA TRANSACCIÓN
campo de control 20250830063047.0
007 - CAMPO FIJO DE DESCRIPCIÓN FÍSICA--INFORMACIÓN GENERAL
campo de control de longitud fija t|
008 - DATOS DE LONGITUD FIJA--INFORMACIÓN GENERAL
campo de control de longitud fija 030227s1920 ag ||||1| spa d
100 1# - ENTRADA PRINCIPAL--NOMBRE DE PERSONA
Nombre de persona Calzada, Rafael,
Fechas asociadas al nombre 1854-1929
9 (RLIN) 33943
245 13 - MENCIÓN DEL TÍTULO
Título La patria de Colón /
Mención de responsabilidad, etc. Rafael Calzada.
260 ## - PUBLICACIÓN, DISTRIBUCIÓN, ETC.
Lugar de publicación, distribución, etc. Buenos Aires :
Nombre del editor, distribuidor, etc. [s.n.],
Fecha de publicación, distribución, etc. 1920 (
Fabricante Tip. López)
300 ## - DESCRIPCIÓN FÍSICA
Extensión 258 p., 9 lám. ;
Dimensiones 19 cm.
600 14 - PUNTO DE ACCESO ADICIONAL DE MATERIA--NOMBRE DE PERSONA
Nombre de persona Colón, Cristóbal-
Subdivisión general Lugar de nacimiento.
9 (RLIN) 164774
852 ## - LOCALIZACIÓN
Ubicación ES-MaACL
Número de control de estantería F-9995
Holdings
Estatus retirado Estado de pérdida Estado de daño No para préstamo Biblioteca de origen Biblioteca actual Ubicación en estantería Fecha de adquisición Fuente de adquisición Total de préstamos Signatura topográfica completa Código de barras Visto por última vez Precio de reemplazo Tipo de ítem Koha
        Biblioteca del Ateneo de Madrid Biblioteca del Ateneo de Madrid Sala Pecera Planta 2 17/01/2008     F-9995 1041137 23/02/2023 23/02/2023 Libro impreso